[Event "Steyr Landesliga 2122"]
[Site "Austria"]
[Date "2022.03.19"]
[Round "4.2"]
[White "Steiner, Stefan"]
[Black "Schreiner, Till"]
[Result "1/2-1/2"]
[WhiteElo "2269"]
[BlackElo "2333"]
[PlyCount "39"]
[EventDate "2021.10.16"]
[EventType "team-tourn"]
[EventRounds "11"]
[EventCountry "AUT"]
[SourceTitle "EXT 2023"]
[Source "ChessBase"]
[SourceDate "2022.10.05"]
[SourceVersion "1"]
[SourceVersionDate "2022.10.05"]
[SourceQuality "1"]
[WhiteTeam "Gratwein Strassengel"]
[BlackTeam "Graz Styria"]
[WhiteTeamCountry "AUT"]
[BlackTeamCountry "AUT"]

1. d4 Nf6 2. Nf3 g6 3. Nc3 d5 4. Bf4 Bg7 5. e3 0-0 6. Be2 b6 7. Ne5 Bb7 8. h4 Nfd7 9. Nf3 c5 10. h5 Nc6 11. hxg6 hxg6 12. Qd2 e5 13. dxe5 Ncxe5 14. 0-0-0 Qf6 15. Bg5 Nxf3 16. Bxf6 Nxd2 17. Bxg7 Kxg7 18. Rxd2 d4 19. exd4 Bxg2 20. Rg1 1/2-1/2

[Event "Steyr Landesliga 1920"]
[Site "Austria"]
[Date "2019.11.23"]
[Round "5.2"]
[White "Steiner, Stefan"]
[Black "Goessler, Markus"]
[Result "1/2-1/2"]
[WhiteElo "2303"]
[BlackElo "2145"]
[PlyCount "71"]
[EventDate "2019.09.28"]
[EventType "team-tourn"]
[EventRounds "11"]
[EventCountry "AUT"]
[SourceTitle "CBM 193 Extra"]
[Source "ChessBase"]
[SourceDate "2020.01.31"]
[SourceVersion "1"]
[SourceVersionDate "2020.01.31"]
[SourceQuality "1"]
[WhiteTeam "Gratwein Strassengel"]
[BlackTeam "Baernbach"]
[WhiteTeamCountry "AUT"]
[BlackTeamCountry "AUT"]

1. Nf3 d5 2. c4 e6 3. d4 Nf6 4. g3 Bb4+ 5. Bd2 Be7 6. Bg2 0-0 7. 0-0 c6 8. Qc2 Nbd7 9. Bg5 h6 10. Bxf6 Nxf6 11. Nbd2 b6 12. e4 Bb7 13. e5 Nd7 14. cxd5 cxd5 15. Rfc1 a5 16. Nf1 Rc8 17. Qd1 Nb8 18. Ne3 Qd7 19. Rxc8 Rxc8 20. Rc1 Ba6 21. Bh3 Rxc1 22. Qxc1 Be2 23. Ne1 Qc6 24. Qd2 Ba6 25. a3 Qa4 26. Qc3 Qc6 27. Qd2 Qa4 28. Qc3 Qc6 29. Qc2 Qxc2 30. N3xc2 Nc6 31. Bf1 Bxf1 32. Kxf1 f6 33. f4 fxe5 34. fxe5 Kf7 35. Ke2 Bg5 36. h4 1/2-1/2

[Event "AUT-chT2M 1920"]
[Site "Austria"]
[Date "2019.11.09"]
[Round "5.6"]
[White "Kristoferitsch, Daniel"]
[Black "Steiner, Stefan"]
[Result "1/2-1/2"]
[WhiteElo "2108"]
[BlackElo "2298"]
[PlyCount "403"]
[EventDate "2019.10.11"]
[EventType "team-tourn"]
[EventRounds "11"]
[EventCountry "AUT"]
[SourceTitle "CBM 192 Extra"]
[Source "Chessbase"]
[SourceDate "2019.11.06"]
[SourceVersion "1"]
[SourceVersionDate "2019.11.06"]
[SourceQuality "1"]
[WhiteTeam "Graz Schachfreunde"]
[BlackTeam "Frauental"]
[WhiteTeamCountry "AUT"]
[BlackTeamCountry "AUT"]

1. d4 Nf6 2. c4 Nc6 3. Nf3 e6 4. Nc3 Bb4 5. Qc2 d6 6. Bd2 Qe7 7. a3 Bxc3 8. Bxc3 a5 9. b3 0-0 10. e3 e5 11. d5 Nb8 12. Nd2 c6 13. dxc6 bxc6 14. e4 c5 15. Bd3 Nc6 16. 0-0 Nh5 17. Rfe1 Nf4 18. Nf3 Bg4 19. Be2 Ne6 20. Rab1 Rfb8 21. Qd2 Bxf3 22. Bxf3 Ned4 23. Bd1 Rb6 24. Bxd4 Nxd4 25. b4 cxb4 26. axb4 axb4 27. Rxb4 Qb7 28. Rxb6 Qxb6 29. Be2 Qb3 30. Bf1 h6 31. Re3 Qb1 32. Re1 Qb3 33. Re3 Qb1 34. Re1 Qb6 35. h3 Ra3 36. Re3 Ra1 37. Re1 Ra4 38. Rc1 Qa7 39. Rb1 Ra2 40. Qe3 Kh7 41. Qc3 Rc2 42. Qe3 Ra2 43. Qc3 Qa4 44. Qd3 Qa5 45. Qe3 Ra3 46. Qe1 Qd8 47. Qb4 Ra2 48. Rb2 Rxb2 49. Qxb2 Qc7 50. Qb4 Qc6 51. Qb1 Ne6 52. Qd3 Nc5 53. Qd5 Qxd5 54. cxd5 Kg6 55. f3 f5 56. g3 Kf6 57. Bg2 fxe4 58. fxe4 Nb3 59. Kf2 Nd4 60. Ke3 Ke7 61. Kd3 Kd7 62. Bf1 Kc7 63. Kc4 Kb6 64. Bd3 Ka5 65. Kc3 Ka4 66. Bf1 Nf3 67. Bg2 Ng5 68. h4 Nh7 69. Bf3 Kb5 70. Bd1 Nf6 71. Bf3 Kc5 72. h5 Nh7 73. Bh1 Nf8 74. Bf3 Nd7 75. Bd1 Nb6 76. Bb3 Kb5 77. Bd1 Nd7 78. Be2+ Ka5 79. Bd1 Nc5 80. Bf3 Nd7 81. Bd1 Kb5 82. Be2+ Kc5 83. Bd1 Nf8 84. Bf3 g6 85. hxg6 Nxg6 86. Bh5 Nf8 87. Bg4 Nh7 88. Bf3 Nf6 89. Bg2 Nh5 90. g4 Nf4 91. Bf1 Ng6 92. Bg2 Nf8 93. Bf3 Nd7 94. Bd1 Kb5 95. Be2+ Ka5 96. Bd1 Nc5 97. Bf3 Ka4 98. Bd1+ Kb5 99. Be2+ Kb6 100. Bf3 Na6 101. Be2 Nc7 102. Kb4 Ne8 103. Bd1 Nf6 104. Bf3 Ng8 105. Be2 Ne7 106. Bf3 Ng6 107. Bg2 Nf4 108. Bf1 Kc7 109. Kc3 Kd7 110. Kd2 Ke7 111. Ke3 Kf6 112. Kf3 Kg5 113. Kg3 Ng6 114. Be2 Nf8 115. Bb5 Nh7 116. Be2 Nf6 117. Bf3 Nd7 118. Bd1 Nc5 119. Bc2 Na6 120. Bd3 Nc5 121. Bc2 Nd7 122. Bd1 Nf8 123. Bf3 Ng6 124. Be2 Kf6 125. Kf3 Nf4 126. Bf1 Kg6 127. Kg3 Kg5 128. Bb5 h5 129. gxh5 Nxh5+ 130. Kf3 Kh4 131. Be8 Nf6 132. Bb5 Nh7 133. Bd3 Ng5+ 134. Ke3 Kg3 135. Be2 Nh3 136. Bb5 Nf2 137. Be2 Ng4+ 138. Kd3 Nf2+ 139. Ke3 Nh3 140. Bb5 Nf4 141. Bf1 Ng2+ 142. Kd3 Ne1+ 143. Ke2 Nc2 144. Kd3 Nd4 145. Ke3 Nb3 146. Bc4 Nc5 147. Bb5 Kg2 148. Be2 Nd7 149. Bb5 Nf6 150. Ba6 Ng4+ 151. Ke2 Kg3 152. Bc8 Kf4 153. Bf5 Nf6 154. Kd3 Nxd5 155. Bg6 Nf6 156. Kc4 Ke3 157. Bf5 Kf3 158. Bg6 Kf4 159. Kd3 Ng8 160. Bf7 Ne7 161. Be8 Nc8 162. Ba4 Nb6 163. Bb5 Kg5 164. Bc6 Kf6 165. Kc3 Ke7 166. Kb4 Kd8 167. Bb5 Kc7 168. Bd3 Nd7 169. Kb5 Nf6 170. Bc2 Ng4 171. Bb3 Ne3 172. Be6 Nc2 173. Kc4 Kc6 174. Bf7 Ne3+ 175. Kd3 Ng4 176. Kc4 Nf6 177. Bg6 Kd7 178. Bf5+ Ke7 179. Kb5 Nh5 180. Kb6 Nf4 181. Bg4 Kf6 182. Bc8 Ke7 183. Kc6 Ne2 184. Ba6 Nd4+ 185. Kd5 Nc2 186. Be2 Nb4+ 187. Kc4 Na6 188. Kd5 Nc7+ 189. Kc4 Kd7 190. Bd1 Ke7 191. Kb4 Kf6 192. Ka5 Kg5 193. Kb6 Ne8 194. Kc6 Kf4 195. Bc2 Nf6 196. Kxd6 Nxe4+ 197. Kd5 Nf6+ 198. Ke6 Ng4 199. Bf5 Ne3 200. Bg6 Nf5 201. Bxf5 e4 202. Bxe4 1/2-1/2

[Event "AUT-chT2M 1819"]
[Site "Austria"]
[Date "2019.01.18"]
[Round "6.3"]
[White "Kilgus, Georg"]
[Black "Steiner, Stefan"]
[Result "1-0"]
[WhiteElo "2420"]
[BlackElo "2318"]
[PlyCount "75"]
[EventDate "2018.10.19"]
[EventType "team-tourn"]
[EventRounds "11"]
[EventCountry "AUT"]
[SourceTitle "CBM 189 Extra"]
[Source "ChessBase"]
[SourceDate "2019.06.03"]
[SourceVersion "1"]
[SourceVersionDate "2019.06.03"]
[SourceQuality "1"]
[WhiteTeam "Grieskirchen/Bad Schallenberg"]
[BlackTeam "Frauental"]
[WhiteTeamCountry "AUT"]
[BlackTeamCountry "AUT"]

1. e4 c5 2. Nf3 e6 3. d4 cxd4 4. Nxd4 Qb6 5. Nb3 Qc7 6. Nc3 a6 7. g3 b5 8. Bg2 Bb7 9. 0-0 d6 10. a4 bxa4 11. Rxa4 Nc6 12. Re1 Nf6 13. Qe2 Be7 14. f4 0-0 15. g4 Rfe8 16. Be3 Nd7 17. Qf2 Bd8 18. Rd1 Rc8 19. g5 Nb6 20. Bxb6 Qxb6 21. Rxd6 Qxf2+ 22. Kxf2 e5 23. Bh3 Bb6+ 24. Kf3 Rcd8 25. Rxd8 Rxd8 26. Nd5 Nd4+ 27. Nxd4 Bxd4 28. c3 Bg1 29. fxe5 Bxh2 30. e6 fxe6 31. Bxe6+ Kf8 32. Rb4 Rb8 33. Nf4 a5 34. Rb3 Bxf4 35. Kxf4 Re8 36. Bf5 Re7 37. Bxh7 Kf7 38. Rb6 1-0

[Event "Steyr Landesliga 1718"]
[Site "Austria"]
[Date "2018.01.20"]
[Round "7.2"]
[White "Steiner, Stefan"]
[Black "Handler, Lukas"]
[Result "1/2-1/2"]
[WhiteElo "2355"]
[BlackElo "2386"]
[PlyCount "40"]
[EventDate "2017.09.30"]
[EventType "team-tourn"]
[EventRounds "11"]
[EventCountry "AUT"]
[SourceTitle "EXT 2019"]
[Source "ChessBase"]
[SourceDate "2018.10.10"]
[SourceVersion "1"]
[SourceVersionDate "2018.10.10"]
[SourceQuality "1"]
[WhiteTeam "Frauental Strassenbahn"]
[BlackTeam "Fuerstenfeld/Hartberg II"]
[WhiteTeamCountry "AUT"]
[BlackTeamCountry "AUT"]

1. Nf3 Nf6 2. d4 d5 3. c4 e6 4. g3 Bb4+ 5. Bd2 Bd6 6. Bg2 c6 7. Qc2 0-0 8. 0-0 b6 9. Bg5 Ba6 10. Nbd2 Be7 11. Bxf6 Bxf6 12. Rfd1 Nd7 13. e4 Rc8 14. Rac1 g6 15. cxd5 cxd5 16. Qa4 Be2 17. Rxc8 Bxd1 18. Rxd8 Bxa4 19. Rxf8+ Kxf8 20. e5 Be7 1/2-1/2

[Event "Steyr Landesliga 1718"]
[Site "Austria"]
[Date "2017.10.21"]
[Round "3.3"]
[White "Wukits, Rene"]
[Black "Steiner, Stefan"]
[Result "1/2-1/2"]
[WhiteElo "2315"]
[BlackElo "2355"]
[PlyCount "106"]
[EventDate "2017.09.30"]
[EventType "team-tourn"]
[EventRounds "11"]
[EventCountry "AUT"]
[SourceTitle "CBM 181 Extra"]
[Source "ChessBase"]
[SourceDate "2017.12.12"]
[SourceVersion "1"]
[SourceVersionDate "2017.12.12"]
[SourceQuality "1"]
[WhiteTeam "Soechau"]
[BlackTeam "Frauental Strassenbahn"]
[WhiteTeamCountry "AUT"]
[BlackTeamCountry "AUT"]

1. d4 Nf6 2. Nf3 e6 3. e3 c5 4. Bd3 Be7 5. 0-0 0-0 6. b3 b6 7. Bb2 Bb7 8. Nbd2 Qc7 9. Qe2 cxd4 10. exd4 Nd5 11. Rfe1 Nf4 12. Qe3 Nxd3 13. Qxd3 d6 14. Re3 Nd7 15. Ne1 Rae8 16. Ba3 e5 17. Rd1 e4 18. Nxe4 d5 19. Nc3 Bxa3 20. Nb5 Qf4 21. Nxa3 Nf6 22. Nf3 Ne4 23. Rde1 Re6 24. c4 Rh6 25. h3 Re6 26. Qe2 Bc8 27. Ne5 Rf6 28. Rf3 Qh4 29. cxd5 Ng5 30. Rxf6 gxf6 31. Nf3 Nxf3+ 32. Qxf3 Kh8 33. Nc4 Qxd4 34. Rd1 Qh4 35. Nd6 Bd7 36. Ne4 f5 37. Ng3 Qg5 38. h4 Qxh4 39. Qc3+ Kg8 40. Rd4 Qe7 41. Nh5 f6 42. Rd3 Qd6 43. Rg3+ Kh8 44. Qd2 f4 45. Nxf4 Rg8 46. Qe3 Rxg3 47. Qxg3 Qe5 48. Kh2 Bc8 49. d6 Bd7 50. b4 a5 51. bxa5 bxa5 52. a3 Bc8 53. Nd3 Qh5+ 1/2-1/2

[Event "Steyr Landesliga 1718"]
[Site "Austria"]
[Date "2017.09.30"]
[Round "1.2"]
[White "Bonstingl, Georg"]
[Black "Steiner, Stefan"]
[Result "1-0"]
[WhiteElo "2227"]
[BlackElo "2355"]
[PlyCount "95"]
[EventDate "2017.09.30"]
[EventType "team-tourn"]
[EventRounds "11"]
[EventCountry "AUT"]
[SourceTitle "CBM 181 Extra"]
[Source "ChessBase"]
[SourceDate "2017.12.12"]
[SourceVersion "1"]
[SourceVersionDate "2017.12.12"]
[SourceQuality "1"]
[WhiteTeam "Gamlitz"]
[BlackTeam "Frauental Strassenbahn"]
[WhiteTeamCountry "AUT"]
[BlackTeamCountry "AUT"]

1. Nf3 Nc6 2. d4 d5 3. b3 Bf5 4. e3 e6 5. Bd3 Bg6 6. a3 Nf6 7. Bxg6 hxg6 8. Bb2 Ne7 9. Qd3 c6 10. Nbd2 Nf5 11. e4 Nh4 12. Nxh4 Rxh4 13. e5 Nd7 14. g3 Rh8 15. b4 a5 16. bxa5 Qxa5 17. 0-0 b5 18. Rfb1 Nb6 19. Kg2 Be7 20. Bc3 Qa4 21. Bb4 Qa6 22. Qc3 Na4 23. Qf3 Rf8 24. Nb3 Qb6 25. h4 Qc7 26. h5 gxh5 27. Qxh5 Kd8 28. Qg4 g6 29. Rh1 Ra7 30. Qe2 Kc8 31. Rh7 Ra8 32. Rah1 Kb7 33. Qd2 Kc8 34. Rg7 Kd7 35. Bxe7 Kxe7 36. Qg5+ Ke8 37. Qxg6 Qe7 38. Rhh7 Ra7 39. Qd3 Qxa3 40. g4 Qe7 41. g5 Nb2 42. Qg3 Qb4 43. g6 Qe1 44. Qf3 Nc4 45. Rxf7 Raxf7 46. Rxf7 Rh8 47. Rh7 Rf8 48. g7 1-0

[Event "Steyr Landesliga 1516"]
[Site "Austria"]
[Date "2016.04.23"]
[Round "11.2"]
[White "Steiner, Stefan"]
[Black "Halvax, Georg"]
[Result "1/2-1/2"]
[WhiteElo "2305"]
[BlackElo "2334"]
[PlyCount "49"]
[EventDate "2015.09.26"]
[EventType "team-tourn"]
[EventRounds "11"]
[EventCountry "AUT"]
[SourceTitle "EXT 2017"]
[Source "ChessBase"]
[SourceDate "2016.10.25"]
[SourceVersion "1"]
[SourceVersionDate "2016.10.25"]
[SourceQuality "1"]
[WhiteTeam "Frauental Strassenbahn"]
[BlackTeam "Trofaiach Niklasdorf"]
[WhiteTeamCountry "AUT"]
[BlackTeamCountry "AUT"]

1. Nf3 d5 2. c4 e6 3. d4 Nf6 4. g3 dxc4 5. Qa4+ Bd7 6. Qxc4 Bc6 7. Bg2 h5 8. Bg5 Be7 9. Nbd2 Nbd7 10. Rc1 Bd5 11. Qc2 c5 12. e4 Bc6 13. 0-0 Rc8 14. Qb1 cxd4 15. Nxd4 Ne5 16. Nxc6 Rxc6 17. Rxc6 Nxc6 18. Nb3 Ng4 19. Bd2 0-0 20. h3 Nge5 21. Bc3 Qb6 22. Kh1 Bb4 23. Bxe5 Nxe5 24. Qd1 g6 25. Qe2 1/2-1/2

[Event "Steyr Landesliga 1516"]
[Site "Austria"]
[Date "2015.10.10"]
[Round "2.4"]
[White "Kravanja, Georg"]
[Black "Steiner, Stefan"]
[Result "1/2-1/2"]
[WhiteElo "2204"]
[BlackElo "2305"]
[PlyCount "33"]
[EventDate "2015.09.26"]
[EventType "team-tourn"]
[EventRounds "11"]
[EventCountry "AUT"]
[SourceTitle "EXT 2017"]
[Source "ChessBase"]
[SourceDate "2016.10.25"]
[SourceVersion "1"]
[SourceVersionDate "2016.10.25"]
[SourceQuality "1"]
[WhiteTeam "Graz Schachfreunde"]
[BlackTeam "Frauental Strassenbahn"]
[WhiteTeamCountry "AUT"]
[BlackTeamCountry "AUT"]

1. d4 Nc6 2. Nf3 d5 3. e3 Bg4 4. Bb5 Qd6 5. 0-0 a6 6. Be2 Nf6 7. b3 Ne4 8. c4 e6 9. Ba3 Qd7 10. Bxf8 Rxf8 11. h3 Bh5 12. Qc2 f5 13. Nc3 Bxf3 14. Bxf3 Nb4 15. Qb2 Nd3 16. Qc2 Nb4 17. Qb2 1/2-1/2

[Event "AUT-chT2M 1415"]
[Site "Austria"]
[Date "2015.04.18"]
[Round "10.6"]
[White "Moser, Guenter"]
[Black "Steiner, Stefan"]
[Result "1-0"]
[WhiteElo "2330"]
[BlackElo "2286"]
[PlyCount "80"]
[EventDate "2014.10.03"]
[EventType "team-tourn"]
[EventRounds "11"]
[EventCountry "AUT"]
[SourceTitle "EXT 2016"]
[Source "ChessBase"]
[SourceDate "2015.10.08"]
[SourceVersion "1"]
[SourceVersionDate "2015.10.08"]
[SourceQuality "1"]
[WhiteTeam "Ansfelden"]
[BlackTeam "Graz Strassenbahn"]
[WhiteTeamCountry "AUT"]
[BlackTeamCountry "AUT"]

1. d4 Nf6 2. c4 b6 3. f3 Nc6 4. Nc3 d5 5. cxd5 Nxd5 6. e4 Nxc3 7. bxc3 e5 8. Bb5 Bb7 9. Ne2 exd4 10. cxd4 Qh4+ 11. g3 Qh5 12. Bxc6+ Bxc6 13. 0-0 Qa5 14. a4 Bb4 15. Qc2 Bd7 16. Bb2 0-0 17. Rfd1 Qh5 18. Rd3 c6 19. g4 Qh4 20. Ng3 Rac8 21. Bc3 c5 22. d5 a5 23. Rd2 Qg5 24. Kg2 f6 25. Rf2 Bxc3 26. Qxc3 Qe5 27. Ne2 g6 28. h4 Rb8 29. g5 b5 30. axb5 Rxb5 31. gxf6 Qxf6 32. Qxf6 Rxf6 33. e5 Ra6 34. e6 Be8 35. Nc3 Rb4 36. Ne4 a4 37. Rc2 c4 38. d6 Bc6 39. d7 Ra8 40. Rd1 Rbb8 1-0

[Event "AUT-chT2M 1415"]
[Site "Austria"]
[Date "2015.04.17"]
[Round "9.4"]
[White "Steiner, Stefan"]
[Black "Jurek, Josef"]
[Result "1-0"]
[WhiteElo "2286"]
[BlackElo "2301"]
[PlyCount "81"]
[EventDate "2014.10.03"]
[EventType "team-tourn"]
[EventRounds "11"]
[EventCountry "AUT"]
[SourceTitle "EXT 2016"]
[Source "ChessBase"]
[SourceDate "2015.10.08"]
[SourceVersion "1"]
[SourceVersionDate "2015.10.08"]
[SourceQuality "1"]
[WhiteTeam "Graz Strassenbahn"]
[BlackTeam "Hartkirchen"]
[WhiteTeamCountry "AUT"]
[BlackTeamCountry "AUT"]

1. Nf3 c5 2. c4 Nf6 3. g3 b6 4. Bg2 Bb7 5. 0-0 g6 6. b3 Bg7 7. Bb2 0-0 8. Nc3 Na6 9. d3 d5 10. Nxd5 Nxd5 11. Bxg7 Kxg7 12. cxd5 Qxd5 13. Qc2 e5 14. Qb2 f6 15. Rfc1 Rac8 16. a3 Rf7 17. b4 Rfc7 18. b5 Nb8 19. a4 Rd8 20. a5 Qd6 21. axb6 axb6 22. Ra7 Qe7 23. Rca1 Nd7 24. Nd2 Nf8 25. Rxb7 Rxb7 26. Bxb7 Qxb7 27. Nc4 Nd7 28. Ra6 Qc7 29. Qa2 Kh6 30. Ra7 Qb8 31. Qa6 Nf8 32. Rb7 Qc8 33. Nd6 Rxd6 34. Rxh7+ Nxh7 35. Qxc8 e4 36. Qc7 Rd4 37. Qxb6 exd3 38. exd3 Rxd3 39. Qxc5 Ng5 40. Qf8+ Kh5 41. Qxf6 1-0

[Event "Steyr Landesliga 1415"]
[Site "Austria"]
[Date "2015.04.11"]
[Round "10.2"]
[White "Steiner, Stefan"]
[Black "Trbojevic, Mladen"]
[Result "1-0"]
[WhiteElo "2293"]
[BlackElo "2365"]
[PlyCount "129"]
[EventDate "2014.09.27"]
[EventType "team-tourn"]
[EventRounds "11"]
[EventCountry "AUT"]
[SourceTitle "EXT 2016"]
[Source "ChessBase"]
[SourceDate "2015.10.08"]
[SourceVersion "1"]
[SourceVersionDate "2015.10.08"]
[SourceQuality "1"]
[WhiteTeam "Graz Schachamazonen"]
[BlackTeam "Feldbach Kirchberg"]
[WhiteTeamCountry "AUT"]
[BlackTeamCountry "AUT"]

1. Nf3 Nf6 2. d4 g6 3. Nc3 d5 4. Bf4 Bg7 5. e3 0-0 6. Be2 c5 7. Ne5 Be6 8. 0-0 Nc6 9. Nxc6 bxc6 10. Be5 Qa5 11. a3 Nd7 12. Bxg7 Kxg7 13. dxc5 Qxc5 14. Qd4+ f6 15. Qxc5 Nxc5 16. b4 Nd7 17. Ba6 Rab8 18. Na4 Rfd8 19. Rfd1 Bf7 20. Rd2 Nf8 21. Nc5 Ne6 22. Nxe6+ Bxe6 23. c3 Rb6 24. Bf1 Rdb8 25. a4 c5 26. b5 c4 27. e4 dxe4 28. Rd4 Rd6 29. Rxe4 f5 30. Re5 a6 31. Rb1 Kf6 32. Rc5 axb5 33. axb5 Rdb6 34. f4 g5 35. fxg5+ Kxg5 36. Kf2 R8b7 37. Be2 Rb8 38. Rb4 Kf6 39. Ke3 R8b7 40. g3 Rb8 41. Kf4 Kg6 42. Ke5 Bf7 43. Rc6+ Rxc6 44. bxc6 Rc8 45. Bf3 Kg7 46. Rb7 Kf8 47. c7 Be8 48. Ra7 Bd7 49. Ra8 Kf7 50. Rxc8 Bxc8 51. Bd5+ e6 52. Bxc4 Ke7 53. Bb3 Bd7 54. Ba2 Bc8 55. Bc4 Kf7 56. Bb5 Ke7 57. Bc6 Ba6 58. c4 Bc8 59. c5 Ba6 60. Ba4 Bb7 61. Bb3 Bc8 62. Bc4 Kf7 63. Kd6 Kf6 64. Bb5 e5 65. Bd7 1-0

[Event "AUT-chT2M 1415"]
[Site "Austria"]
[Date "2015.02.28"]
[Round "7.1"]
[White "Steiner, Stefan"]
[Black "Hiermann, Dietmar"]
[Result "1/2-1/2"]
[WhiteElo "2286"]
[BlackElo "2297"]
[PlyCount "113"]
[EventDate "2014.10.03"]
[EventType "team-tourn"]
[EventRounds "11"]
[EventCountry "AUT"]
[SourceTitle "EXT 2016"]
[Source "ChessBase"]
[SourceDate "2015.10.08"]
[SourceVersion "1"]
[SourceVersionDate "2015.10.08"]
[SourceQuality "1"]
[WhiteTeam "Graz Strassenbahn"]
[BlackTeam "Sauwald"]
[WhiteTeamCountry "AUT"]
[BlackTeamCountry "AUT"]

1. Nf3 Nf6 2. d4 d5 3. c4 e6 4. g3 Be7 5. Bg2 0-0 6. 0-0 Nbd7 7. Qc2 c6 8. Nbd2 Re8 9. e4 dxe4 10. Nxe4 Nxe4 11. Qxe4 Qc7 12. Bf4 Bd6 13. Bxd6 Qxd6 14. c5 Qc7 15. Ne5 Rd8 16. Rfd1 Nf6 17. Qc2 Bd7 18. a3 Be8 19. Rac1 Rab8 20. b4 Nd5 21. Nc4 Rd7 22. Nd6 a6 23. Bxd5 cxd5 24. f4 g6 25. Nxb7 Rc8 26. c6 Re7 27. Qc5 Bxc6 28. Nd6 Rd8 29. Nxf7 Kxf7 30. Qxc6 Qa7 31. Rc5 h5 32. h4 Rb8 33. Qd6 Rb6 34. Qe5 Qd7 35. Rdc1 Qa4 36. R5c3 a5 37. Qh8 Qe8 38. Qh7+ Kf6 39. Qh6 Rb8 40. bxa5 Qa4 41. Qg5+ Kf7 42. Qe5 Rbe8 43. Kg2 Qxa5 44. Kh3 Qb5 45. Qe1 Qa4 46. Qd2 Rb8 47. Qe3 Qb5 48. Re1 Qb2 49. Re2 Qb1 50. Rc1 Qb3 51. Rc3 Qb1 52. Rc1 Qb3 53. Qe5 Qxa3 54. Rc7 Rb6 55. Rec2 Rb7 56. Rxe7+ Rxe7 57. Rc7 1/2-1/2

[Event "AUT-chT2M 1415"]
[Site "Austria"]
[Date "2015.02.27"]
[Round "6.1"]
[White "Steiner, Stefan"]
[Black "Velicka, Petr"]
[Result "0-1"]
[WhiteElo "2286"]
[BlackElo "2409"]
[PlyCount "106"]
[EventDate "2014.10.03"]
[EventType "team-tourn"]
[EventRounds "11"]
[EventCountry "AUT"]
[SourceTitle "EXT 2016"]
[Source "ChessBase"]
[SourceDate "2015.10.08"]
[SourceVersion "1"]
[SourceVersionDate "2015.10.08"]
[SourceQuality "1"]
[WhiteTeam "Graz Strassenbahn"]
[BlackTeam "Steyregg"]
[WhiteTeamCountry "AUT"]
[BlackTeamCountry "AUT"]

1. Nf3 d5 2. c4 d4 3. e3 Nc6 4. exd4 Nxd4 5. Nxd4 Qxd4 6. Nc3 c6 7. d3 Nh6 8. Be3 Qd8 9. d4 g6 10. Qd2 Nf5 11. Be2 Bg7 12. Rd1 0-0 13. 0-0 Bd7 14. Rfe1 Nxe3 15. Qxe3 Re8 16. Ne4 Qc7 17. Nc5 Rad8 18. Nxd7 Rxd7 19. b3 Red8 20. d5 cxd5 21. Rxd5 Rxd5 22. cxd5 Rxd5 23. Rc1 Qe5 24. Bf3 Qxe3 25. Rc8+ Bf8 26. fxe3 Rd2 27. a4 Rd3 28. b4 Rxe3 29. Bxb7 Rb3 30. Rc4 e6 31. b5 Rb4 32. Rxb4 Bxb4 33. Kf2 Kf8 34. Ke3 Ke7 35. Kd4 Kd6 36. Bc6 Ba5 37. h3 f5 38. Be8 Bb6+ 39. Kd3 Ke7 40. Bc6 h5 41. Ke2 h4 42. Kf3 e5 43. Ke2 e4 44. Bd5 Kf6 45. Bc6 Ke5 46. Be8 g5 47. Bd7 Kf4 48. Kf1 g4 49. hxg4 Kxg4 50. Be6 Kf4 51. Bd7 Ke5 52. Ke2 Bd8 53. Be8 h3 0-1

[Event "AUT-chT2M 1314"]
[Site "Austria"]
[Date "2014.04.06"]
[Round "11.5"]
[White "Testor, Sebastian"]
[Black "Steiner, Stefan"]
[Result "0-1"]
[WhiteElo "2262"]
[BlackElo "2259"]
[PlyCount "84"]
[EventDate "2013.10.04"]
[EventType "team-tourn"]
[EventRounds "11"]
[EventCountry "AUT"]
[SourceTitle "EXT 2015"]
[Source "ChessBase"]
[SourceDate "2014.11.20"]
[SourceVersion "1"]
[SourceVersionDate "2014.11.20"]
[SourceQuality "1"]
[WhiteTeam "Sauwald"]
[BlackTeam "Graz Strassenbahn"]
[WhiteTeamCountry "AUT"]
[BlackTeamCountry "AUT"]

1. c4 c5 2. g3 g6 3. Bg2 Bg7 4. Nc3 Nc6 5. Nf3 d6 6. 0-0 e5 7. a3 Nge7 8. b4 0-0 9. Rb1 Rb8 10. d3 h6 11. Ne1 f5 12. b5 Nd4 13. e3 Ne6 14. Nd5 Nxd5 15. cxd5 Ng5 16. f4 Nf7 17. Nf3 Re8 18. Re1 Bd7 19. Nd2 Ra8 20. Nc4 a6 21. bxa6 b5 22. fxe5 dxe5 23. Nd2 Rxa6 24. Qc2 Qc7 25. Bb2 Rc8 26. Rbc1 Nd6 27. d4 exd4 28. Bxd4 Bxd4 29. exd4 c4 30. Nb3 Qa7 31. Nc5 Rxc5 32. dxc5 Qxc5+ 33. Qf2 Qxf2+ 34. Kxf2 Rxa3 35. Ra1 Rxa1 36. Rxa1 b4 37. Ke3 b3 38. Rb1 Nb5 39. Bf1 Nc3 40. Rc1 b2 41. Rxc3 b1Q 42. Bxc4 Qe4+ 0-1